EToH - Easy General Knowledge Test - Statistics

General Stats
  • This quiz has been taken 100 times
  • The average score is 13 of 15
Answer Stats
Question Answer % Correct
What was the first tower ever added to EToH? Tower of Hecc
99%
What are the areas in The Great Inferno referred to as? Rings
97%
What difficulty is the Tower of Madness? Medium
95%
What color is used for Remorseless difficulty? Pink
95%
What is the name of the tutorial area? Purgatorio / Ring 0
94%
What are the areas in the Spatial System referred to as? Zones
94%
What is the hardest tower in the game? Tower of Cruel Punishment
93%
What difficulty is the Tower of Inception? Terrifying
92%
Which of these towers is Extreme difficulty? Tower of Suffering Outside
90%
What is the hardest tower in Zone 4? Tower of Astronomically Aimless Annoyances
88%
What does Vertical Mobility do? Lets you fly
85%
What is the easiest tower in the game? Tower of Genesis
81%
Which tower is NOT located in Ring 6? Tower of Floral Fury
78%
Which tower is located in The Starlit Archives? Tower of Pursuit Led Astray
76%
In which area is Tower of Questionable Trials located? Ring 9
69%
No matching quizzes found
Score Distribution
Percent of People with Each Score
Percentile by Number Answered
Your Score History
You have not taken this quiz